• 首页
  • 本馆介绍
  • 公告通知
  • 最新文献
  • 馆藏检索
  • 电子资源
  • 读者导购
  • 参考咨询
  • 我的图书馆
  • 登录
  • 详细信息显示
  • 放入我的书架
  • 预约/预借图书
  • 作者相关作品
  • 分类相关作品
  • 丛书相关作品
  • 出版社相关作品

书目信息

  • 表格格式
  • 工作单格式
  • 卡片格式
题名:
湿地与水鸟
    
 
作者: 庄晨辉 主编
分册:  
出版信息: 北京   中国林业出版社  2009
页数: 172页
开本: 29cm
丛书名:
单 册:
中图分类: P942.007.8 , Q959.7
科图分类:
主题词: 沼泽化地--中国--普及读物 , 沼泽化地--鸟类--简介--中国 , 沼泽化地 , 鸟类
电子资源:
ISBN: 978-7-5038-5579-5
000 01012nam0 2200289 450
001 012015000141
005 20150914155347.85
010    @a978-7-5038-5579-5@dCNY86.00
100    @a20090710d2009 em y0chiy50 ea
101 0  @achi
102    @aCN@b110000
105    @aa z 000yy
106    @ar
200 1  @a湿地与水鸟@Ashi di yu shui niao@f庄晨辉主编
210    @a北京@c中国林业出版社@d2009
215    @a172页@c照片@d29cm
330    @a本书分为三部分。湿地篇,介绍湿地的定义与类型、湿地公约、中国湿地、福建湿地以及闽江河口湿地概况等。水鸟篇,介绍鸟类的一般特征、生态类群、迁徙规律等。附录,介绍与湿地和水鸟相关的节庆(日),国际组织与条约,鸟类有关名词、术语,中国主要水鸟名录等。
606 0  @a沼泽化地@y中国@j普及读物
606 0  @a沼泽化地@x鸟类@x简介@y中国
606 0  @a沼泽化地
606 0  @a鸟类
610 0  @a湿地
690    @aP942.007.8@v5
690    @aQ959.7@v5
701  0 @a庄晨辉@Azhuang chen hui@f(1964~)@4主编
801  0 @aCN@b碧洲教育@c20150716
905    @a10447@f4@dP942.007.8@e149
    
    湿地与水鸟/庄晨辉主编.-北京:中国林业出版社,2009
    172页:照片;29cm
    
    
    ISBN 978-7-5038-5579-5:CNY86.00
    本书分为三部分。湿地篇,介绍湿地的定义与类型、湿地公约、中国湿地、福建湿地以及闽江河口湿地概况等。水鸟篇,介绍鸟类的一般特征、生态类群、迁徙规律等。附录,介绍与湿地和水鸟相关的节庆(日),国际组织与条约,鸟类有关名词、术语,中国主要水鸟名录等。
●
相关链接 在E读中查询图书 在五车中查询图书 在当当中查询图书 在豆瓣中查询图书


正题名:湿地与水鸟     索取号:P942.007.8/149         预约/预借

序号 登录号 条形码 馆藏地/架位号 状态 备注
1 0870464   208704641   第二样本阅览室/ [索取号:P942.007.8/149] 在馆    
2 0870465   208704650   第三借阅区/ [索取号:P942.007.8/149] 在馆    
3 0870466   208704669   第三借阅区/ [索取号:P942.007.8/149] 在馆    
4 0870467   208704678   密集书库-生命科学系/ [索取号:P942.007.8/149] 在馆    
唐山师范学院图书馆 欢迎您!
大连网信软件有限公司© 版权所有